000
00192 a2200097 4500
020
_a
9780676979695
041
_a
eng
100
_a
Last, First
245
_a
The museum of innocence
942
_c
BK
999
_c
10917
_d
10917